Golden Boys /

में बचाया:
ग्रंथसूची विवरण
मुख्य लेखक: Frederick, Joachim
स्वरूप: पुस्तक
भाषा:अंग्रेज़ी
प्रकाशित: [s.l.] Loveline Publishing c1990
टैग: टैग जोड़ें
कोई टैग नहीं, इस रिकॉर्ड को टैग करने वाले पहले व्यक्ति बनें!

MARC

LEADER 00000nam a2200000 4500
001 CDOM0000000446
003 mi
005 20250825141334.0
008 250825b |||||||| |||| 00| 0 eng d
020 |a 0862837804 
020 |a 9780862837808 
040 |c mi 
100 |a Frederick, Joachim 
245 1 |a Golden Boys /  |c Joachim Frederick 
260 |a [s.l.]  |b Loveline Publishing  |c c1990 
300 |a 122 p. di tav.  |c foto. (col.)  |c 37 cm. 
942 |2 ddc  |c BK 
952 |0 0  |1 0  |2 ddc  |4 0  |6 B_AFT01FREJOGOL11  |7 1  |9 4771  |a MI  |b MI  |d 2004-10-30  |i 4853  |l 0  |o B-AFT01-FREJO-GOL11  |p CDOM4853  |r 2025-07-05 19:04:00  |w 2025-07-05  |x ACQUISTO  |y BK 
999 |c 3745  |d 3745